000 00504cam a2200193 4500
001 B3158
008 090401t1990 xxu||||| |||| 00| 0 eng d
035 _a(Sirsi) u54377
041 _aeng
050 _a338.4769
100 _aOlomolaiye, P.O.
245 _aMotivation and productivity of bricklayers
260 _aAscot,Berks
_bChartered Institute of Building
_c1990
300 _a12p. ; 30cm.
350 _a3
490 _aTechnical Information Service
_v115
942 _n0
948 _c04/03/1997
999 _c93460
_d93460